| 000 | 00507nam a2200133Ia 4500 | ||
|---|---|---|---|
| 008 | 231129s9999||||xx |||||||||||||| ||spa|| | ||
| 020 | _a958-20-0325-1 | ||
| 040 | _bspa | ||
| 082 | _a371.11 P426p | ||
| 100 | _aPerafán Echeverry Gerardo Andrés | ||
| 245 | 0 | _aPensamiento docente y práctica pedagógica: Una investigación sobre el pensamiento práctico de los docentes | |
| 264 | _aSantafé de Bogotá Colombia: Cooperativa Editorial Magisterio | ||
| 942 |
_2ddc _cBKS |
||
| 999 |
_c22562 _d22562 |
||